[Event "IMSA Rapid Men 2019"]
[Site "Hengshui"]
[Date "2019.05.14"]
[Round "1.8"]
[White "Jones, Gawain C B"]
[Black "Gelfand, Boris"]
[Result "0-1"]
[WhiteElo "2702"]
[BlackElo "2676"]
[Annotator "TA"]
[PlyCount "96"]
[EventDate "2019.05.14"]
[EventType "rapid"]
[EventCountry "CHN"]
[SourceTitle "playchess.com"]
[Source "ChessBase"]
[SourceQuality "1"]

{[%evp 12,96,0,0,0,0,10,0,8,9,13,0,0,0,14,0,4,0,0,0,0,0,25,22,16,-22,8,8,9,0,0,-3,0,0,0,0,0,0,0,0,0,0,0,-40,-37,-24,-41,-179,-172,-320,-308,-327,-340,-348,-338,-334,-310,-434,-425,-369,-260,-6260,-6219,-6219,-5193,-4928,-4750,-4593,-4409,-3351,-2475,-29971,-29975,-29975,-29975,-29980,-29981,-29981,-29982,-29982,-29983,-29983,-29984,-29984,-29985,-29985,-29985]} 1. e4 e5 2. Nf3 Nf6 3. d4 Nxe4 4. Bd3 d5 5. Nxe5 Nd7 6. O-O Nxe5 7. dxe5 Nc5 {C43: Petroff Defence: 3 d4} 8. Be3 Nxd3 9. Qxd3 c6 {The position is equal.} 10. Nd2 Be7 11. f4 g6 12. c3 c5 $146 ({Predecessor:} 12... Bf5 13. Qe2 Qd7 14. Nb3 b6 15. h3 {1-0 (63) Jones,G (2682)-Huzman,A (2580) St Petersburg 2018}) 13. Rad1 Bf5 14. Qb5+ Qd7 15. Qxd7+ Kxd7 16. Nb3 b6 17. Rxd5+ Kc6 18. Rfd1 Rhd8 19. Rxd8 Rxd8 20. Rxd8 (20. Rc1 {seems wilder.} f6 21. exf6 Bxf6 22. Nd2 a5 23. Re1) 20... Bxd8 $11 {[%mdl 4096] Endgame KBB-KBN} 21. Kf2 f6 22. exf6 Bxf6 23. Nd2 Kd5 24. Kf3 Bc2 25. g4 Bd1+ 26. Kg3 a5 27. f5 gxf5 $1 28. gxf5 a4 29. a3 (29. Kf4 $15) 29... b5 $1 $19 {[%cal Bb6b5,Bb5b4][%mdl 32]} 30. h4 {[#]} (30. Kf4 {keeps fighting.}) 30... b4 $1 {[%mdl 512]} 31. Bg5 {[#]} (31. axb4 cxb4) 31... Be5+ $1 ({Less strong is} 31... bxc3 32. Bxf6 c2 33. Nb3 $17) 32. Kf2 bxc3 33. bxc3 Bxc3 34. Ke3 Bc2 35. f6 {Threatens to win with f7.} Ke6 36. Ne4 $2 (36. Ke2) 36... Bd4+ 37. Kf4 Be5+ 38. Ke3 Bxe4 39. Kxe4 {KB-KB} Bb2 40. Bd2 Bxa3 41. Bc3 Bc1 {Black mates.} 42. f7 Kxf7 43. Kd5 a3 44. Kxc5 Bb2 45. Kb4 Kg6 46. Kb3 Bxc3 47. Kxa3 Kh5 48. Kb3 Kxh4 {Accuracy: White = 40%, Black = 84%.} 0-1

[Event "IMSA Rapid Men 2019"]
[Site "Hengshui"]
[Date "2019.05.14"]
[Round "2.1"]
[White "Gelfand, Boris"]
[Black "Dominguez Perez, Leinier"]
[Result "0-1"]
[WhiteElo "2676"]
[BlackElo "2750"]
[Annotator "TA"]
[PlyCount "106"]
[EventDate "2019.05.14"]
[EventType "rapid"]
[EventCountry "CHN"]
[SourceTitle "playchess.com"]
[Source "ChessBase"]
[SourceQuality "1"]

{[%evp 17,112,-5,0,-10,25,22,24,0,14,-1,-9,-15,0,-38,-43,-39,-38,-87,-82,-74,-72,-56,-56,-53,-55,-64,-29,-31,0,-38,-29,-30,-19,-41,-4,-4,0,0,0,0,0,-7,0,-9,-8,-10,0,-13,-12,-27,-21,-108,-73,-89,-85,-103,-86,-86,-75,-272,-110,-127,-110,-137,-129,-159,-150,-261,-240,-260,-189,-183,-168,-194,-198,-474,-231,-225,-210,-310,-277,-255,-232,-261,-268,-310,-223,-221,-212,-554,-545,-550,-549,-533,-531,-550,-556]} 1. d4 Nf6 2. c4 e6 3. Nf3 d5 4. Nc3 c5 5. e3 cxd4 6. exd4 Bb4 7. cxd5 Nxd5 8. Qc2 Nc6 9. a3 Ba5 10. Bd3 {B14: Caro-Kann: Panov-Botvinnik Attack with 5...e6 and 5...g6} h6 11. O-O O-O 12. Rd1 {White has an edge.} Bd7 13. Ne4 Bb6 {[#]} 14. Bc4 $146 ({Predecessor:} 14. Be3 Qe7 15. Nc3 Rac8 16. Qe2 Na5 17. Bd2 Bc6 18. Nxd5 Bxd5 {½-½ (55) Grischuk,A (2733)-Fridman,D (2665) Villarrobledo 2009}) 14... Rc8 15. Nd6 {[%mdl 64] Double Attack} Rc7 16. Nb5 {[#]} Ncb4 $1 {[%mdl 512]} 17. Qb3 (17. axb4 Bxb5) 17... Bxb5 18. Bxb5 Nc2 19. Rb1 Qf6 {[%cal Rc2d4]} 20. Qd3 Rfc8 21. Be3 $1 Nf4 22. Qe4 Nd5 23. Bd3 Ncxe3 24. fxe3 g6 25. Kh1 Kg7 26. g4 Qe7 27. Rg1 Qd6 28. g5 {Hoping for gxh6+.} h5 29. Rbf1 {White wants to play Ne5.} Ne7 30. Ne5 $132 {[%mdl 2048] White puts up resistance} Nf5 31. Qf3 Qe7 32. Be4 a5 33. Qf4 Ba7 34. Nd3 (34. Re1 $11 {remains equal.}) 34... Bb8 {...Rc2 is the strong threat.} 35. Qf3 ({Don't go for} 35. Bxf5 $2 exf5 36. Qf3 Rc2 $19) 35... Rc2 {[%csl Gb8][%cal Rc2h2]} 36. Rf2 Rxf2 37. Qxf2 b6 {[%cal Bb7b6,Bb6b5][%mdl 32]} 38. d5 $2 (38. Ne1 $17) 38... Nd6 (38... Rc4 $19 {and Black stays clearly on top.} 39. Qf3 Nh4 40. Qf6+ Qxf6 41. gxf6+ Kxf6) 39. Bf3 $17 e5 40. e4 b5 {Threatens to win with ...Ba7.} 41. Qd2 Ba7 42. Rc1 (42. Re1 $17) 42... Rc4 $19 43. Rxc4 Nxc4 44. Qg2 a4 45. h4 Bd4 46. Qh2 $2 {[#]} (46. Be2 {was called for.}) 46... Qc7 (46... Bxb2 $142 $1 {[%mdl 512]} 47. Be2 (47. Nxb2 Qxa3) 47... Qxa3) 47. Qe2 Nd6 48. Qd2 (48. Qd1 {was worth a try.}) 48... Qc8 {( -> ...Qh3+!)} 49. Kh2 Qc4 50. Kg2 Qb3 51. Qd1 Qa2 52. Qc1 {[#]} Nc4 $1 {[%cal Rd4b2]} 53. Kh1 $2 (53. Be2 {nothing else works.}) 53... Bxb2 {Played: Qa2-b3} 0-1

[Event "IMSA Rapid Men 2019"]
[Site "Hengshui"]
[Date "2019.05.14"]
[Round "2.2"]
[White "Yu, Yangyi"]
[Black "Vidit, Santosh Gujrathi"]
[Result "1/2-1/2"]
[WhiteElo "2739"]
[BlackElo "2707"]
[Annotator "TA"]
[PlyCount "101"]
[EventDate "2019.05.14"]
[EventType "rapid"]
[EventCountry "CHN"]
[SourceTitle "playchess.com"]
[Source "ChessBase"]
[SourceQuality "1"]

{[%evp 11,101,0,0,0,10,4,12,12,12,0,0,0,0,0,0,0,2,0,11,-4,0,0,0,0,0,0,0,0,0,0,0,0,0,0,0,-21,-17,-44,-44,-44,0,-20,-20,-38,-38,-44,-32,-44,-34,-63,-76,-62,-44,-55,-18,-43,-20,-44,-25,-32,-12,-12,-12,-15,-4,-3,-4,-8,0,0,0,-10,0,0,0,0,18,18,18,2,13,13,39,13,13,13,13,13,13,13,13,13]} 1. Nf3 Nf6 2. c4 c5 3. d4 cxd4 4. Nxd4 Nc6 5. Nc3 e6 6. Bf4 d5 7. e3 {A33: Symmetrical English: 2 Nf3 Nf6 3 d4 cxd4 4 Nxd4 e6 5 Nc3 Nc6} Bb4 8. Be2 dxc4 (8... Bd7 9. Ndb5 e5 10. Bg5 a6 11. a3 axb5 12. axb4 Rxa1 13. Qxa1 dxc4 14. O-O O-O 15. Rd1 Qe7 16. Nd5 Qe6 17. Nc7 Qe7 18. Nd5 Qe6 19. Nc7 Qe7 {½-½ (19) Nepomniachtchi,I (2729)-Vachier Lagrave,M (2789) London 2017}) 9. Nxc6 {[%csl Gc6][%cal Rd1d8] [#]} Qxd1+ 10. Rxd1 {[%csl Gc6][%cal Rd1d8]} bxc6 11. Bxc4 Nd5 12. O-O Nxf4 13. exf4 Ke7 14. Ne4 {[#]} Ba5 $146 ({Predecessor:} 14... Rb8) 15. Rd3 Rd8 16. Rfd1 Rxd3 17. Rxd3 Bc7 18. g3 h6 19. h4 Rb8 20. b3 a5 21. a4 Bd7 22. Nc5 Rd8 23. h5 Bc8 24. Kg2 Bd6 25. Ne4 Bc7 26. Rxd8 Bxd8 $11 {[%mdl 4096] Endgame KBB-KBN} 27. Nc5 Bb6 28. Nd3 f6 29. Kf3 Kd6 30. Ke4 Bd7 31. Kf3 Bd4 32. g4 c5 33. Kg3 Bc6 34. f3 Be8 35. Ne1 g6 36. hxg6 Bxg6 37. Nd3 h5 38. Kh4 hxg4 39. fxg4 Ke7 40. Kg3 Be4 41. Nf2 Bc2 42. Kf3 Kd6 43. Ne4+ Bxe4+ (43... Kd7 {keeps more tension.} 44. g5 fxg5 45. fxg5 Bd1+ 46. Kf4 Bc2) 44. Kxe4 {KB-KB} Bc3 45. g5 fxg5 46. fxg5 Ke7 47. Be2 Bd2 {The position is equal.} 48. g6 Kf6 49. Bg4 Kxg6 50. Bxe6 Kf6 51. Bc4 {Accuracy: White = 69%, Black = 56%.} 1/2-1/2

[Event "IMSA Rapid Men 2019"]
[Site "Hengshui"]
[Date "2019.05.14"]
[Round "2.3"]
[White "Leko, Peter"]
[Black "Wang, Hao"]
[Result "1/2-1/2"]
[WhiteElo "2674"]
[BlackElo "2735"]
[Annotator "TA"]
[PlyCount "87"]
[EventDate "2019.05.14"]
[EventType "rapid"]
[EventCountry "CHN"]
[SourceTitle "playchess.com"]
[Source "ChessBase"]
[SourceQuality "1"]

{[%evp 9,87,20,20,23,29,16,23,0,0,0,0,0,0,0,18,19,28,-12,43,24,118,122,119,106,199,205,209,195,217,209,191,103,101,101,101,101,102,102,102,103,114,118,135,68,51,17,18,9,3,0,59,49,88,37,18,0,0,0,0,0,0,0,0,-15,-10,-26,-26,-26,0,-26,0,0,0,0,0,0,0,0,0,0]} 1. e4 e5 2. Nf3 Nc6 3. Bb5 Nf6 4. d3 Bc5 5. Bxc6 dxc6 6. O-O $146 {C65: Ruy Lopez: Berlin Defence (3...Nf6), unusual lines and 4 0-0 Bc5} ({Predecessor:} 6. Nbd2 Be6 7. O-O {1-0 (45) Nakamura,H (2787)-Aronian,L (2792) Zuerich 2016}) 6... Bd6 7. Nbd2 Be6 8. d4 {White has an edge.} Nd7 $1 9. dxe5 Nxe5 10. Nxe5 Bxe5 11. f4 Qd4+ 12. Kh1 {Black must now prevent c3.} Bd6 13. Qe2 O-O-O ({Black should try} 13... f6 $11) 14. c3 $14 Qc5 (14... Qa4 $11 {keeps the balance.}) 15. f5 $1 $16 {[%cal Rf5e6]} Bd7 16. Nc4 $36 {[%mdl 2048] White is in control.} Rhe8 (16... Bf8 $16 {is a better defense.}) 17. b4 $18 Qb5 18. a4 Qa6 19. Bg5 f6 20. Rfb1 ({White should play} 20. Bh4 $1 $18) 20... fxg5 {[#]} 21. b5 $1 {[%mdl 512]} cxb5 22. axb5 Bxb5 23. Rxa6 Bxa6 24. Nxd6+ Rxd6 {[#]} 25. Qg4 $1 {And now f6+ would win.} Rd7 {[#]} 26. Re1 (26. h4 $1 $16) 26... Re5 $1 $14 27. Qxg5 Rxe4 $1 {[%cal Re4e1]} 28. Qc1 Bd3 29. g4 Be2 (29... b5 $11 30. Rxe4 Bxe4+ 31. Kg1 Bd5) 30. h3 {[%mdl 1024] White has compensation.} a5 31. Kg2 (31. Kh2 $16) 31... a4 32. Kf2 Rde7 $1 33. Qd2 Bc4 (33... b5 {feels hotter.} 34. Qd5 R4e5 35. Qa8+ Kd7 36. c4 Bf3) 34. Rxe4 Rxe4 $11 {[%mdl 4096] Endgame KQ-KRB} 35. Qc1 b5 36. Qa3 Kb7 37. Kg3 Re3+ 38. Kh4 Bf1 39. Kg5 Rxh3 ({Don't blunder} 39... Bxh3 $2 40. Qc5 $18) 40. Qe7 {The position is equal.} Bc4 41. Qe4+ Kb8 42. Qe8+ Kb7 {Strongly threatening ...a3.} 43. Qe4+ Kb8 {Threatens to win with ...a3.} 44. Qe8+ {Accuracy: White = 56%, Black = 37%.} 1/2-1/2

[Event "IMSA Rapid Men 2019"]
[Site "Hengshui"]
[Date "2019.05.14"]
[Round "2.4"]
[White "Cheparinov, Ivan"]
[Black "Andreikin, Dmitry"]
[Result "1/2-1/2"]
[WhiteElo "2667"]
[BlackElo "2722"]
[Annotator "TA"]
[PlyCount "52"]
[EventDate "2019.05.14"]
[EventType "rapid"]
[EventCountry "CHN"]
[SourceTitle "playchess.com"]
[Source "ChessBase"]
[SourceQuality "1"]

{[%evp 21,52,21,33,14,49,14,10,8,24,0,0,0,18,0,0,0,0,0,0,0,21,13,17,12,13,0,12,0,21,0,0,0,3]} 1. d4 Nf6 2. c4 e6 3. Nf3 b6 4. g3 Bb7 5. Bg2 Be7 6. O-O O-O 7. Nc3 Ne4 8. Bd2 d6 9. Qc2 Nxd2 10. Nxd2 Bxg2 11. Kxg2 Nd7 12. Rad1 {E18: Queen's Indian: Old Main Line (4 g3 Bb7 5 Bg2 Be7 6 0-0 0-0 7 Nc3)} g6 $146 ({Predecessor:} 12... a6 13. b4 c6 14. e4 b5 15. c5 a5 16. a3 axb4 17. axb4 dxc5 18. dxc5 Bf6 19. Ndb1 Qc7 {½-½ (30) Cheparinov,I (2698)-Tran,M (2406) Ho Chi Minh City 2017}) 13. b4 Bf6 14. Nf3 Bg7 15. b5 a6 {The position is equal.} 16. a4 Qc8 17. Qe4 axb5 18. axb5 Ra3 19. Rc1 Re8 20. e3 f5 21. Qc2 Qa8 {[#] White must now prevent ...g5.} 22. Qe2 Qa5 23. Qc2 Qa8 {...g5 is the strong threat.} 24. Qe2 Qa5 25. Qc2 Qa8 {[#] And now ...g5 would win.} 26. Qe2 Qa5 {Accuracy: White = 42%, Black = 68%.} 1/2-1/2

[Event "IMSA Rapid Men 2019"]
[Site "Hengshui"]
[Date "2019.05.14"]
[Round "2.5"]
[White "Korobov, Anton"]
[Black "Le, Quang Liem"]
[Result "1/2-1/2"]
[WhiteElo "2687"]
[BlackElo "2704"]
[Annotator "TA"]
[PlyCount "44"]
[EventDate "2019.05.14"]
[EventType "rapid"]
[EventCountry "CHN"]
[SourceTitle "playchess.com"]
[Source "ChessBase"]
[SourceQuality "1"]

{[%evp 14,44,0,-7,0,2,35,35,32,32,31,10,4,6,18,-13,-17,-33,-38,-21,0,0,0,0,0,0,0,0,0,0,0,0,0]} 1. d4 Nf6 2. c4 e6 3. Nf3 b6 4. a3 Bb7 5. Nc3 d5 6. cxd5 Nxd5 7. Bd2 Be7 8. Qc2 c5 {E12: Queen's Indian: Unusual White 4th moves, 4 a3, 4 Nc3 Bb7 5 a3 and 4 Nc3 Bb7} 9. dxc5 O-O 10. cxb6 $146 ({Predecessor:} 10. Rd1 bxc5 11. e4 Nxc3 12. Bxc3 Qb6 13. Ne5 Rd8 14. Rxd8+ Qxd8 15. Bb5 a6 {0-1 (56) Adhiban,B (2653)-Eljanov,P (2755) Wijk aan Zee 2017}) 10... Qxb6 {White is slightly better.} 11. e3 Nd7 12. Be2 Rfc8 13. O-O Nc5 14. Nxd5 Bxd5 15. Rac1 Qb7 {[%mdl 1024] Black has compensation.} 16. Qb1 Bf6 {The position is equal.} 17. b4 Be4 18. Qa2 Bd5 19. Qb1 $1 Be4 20. Qa2 Bd5 21. Qb1 $1 Be4 22. Qa2 Bd5 {Accuracy: White = 69%, Black = 73%.} 1/2-1/2

[Event "IMSA Rapid Men 2019"]
[Site "Hengshui"]
[Date "2019.05.14"]
[Round "2.6"]
[White "Fedoseev, Vladimir"]
[Black "Bu, Xiangzhi"]
[Result "1-0"]
[WhiteElo "2683"]
[BlackElo "2729"]
[Annotator "TA"]
[PlyCount "75"]
[EventDate "2019.05.14"]
[EventType "rapid"]
[EventCountry "CHN"]
[SourceTitle "playchess.com"]
[Source "ChessBase"]
[SourceQuality "1"]

{[%evp 18,75,20,-11,0,-7,0,-15,0,0,122,122,122,122,127,125,137,134,112,111,209,204,183,157,161,81,129,131,133,126,119,77,106,83,220,204,229,161,308,222,211,198,237,198,200,175,450,389,391,388,376,370,369,352,29980,29980,29996,29997,29997,29998]} 1. d4 d5 2. c4 c6 3. Nf3 Nf6 4. Qb3 dxc4 5. Qxc4 Bf5 6. g3 e6 7. Bg2 Nbd7 8. O-O Be7 9. Nc3 O-O 10. Bf4 Rc8 {D23: Queen's Gambit Accepted: 3 Nf3 Nf6 sidelines} 11. a3 $146 ({Predecessor:} 11. Qb3 Qb6 12. Rfe1 Bg6 13. e4 Rfd8 14. d5 Bc5 15. Qxb6 axb6 16. dxe6 fxe6 17. Bh3 Nf8 18. Ng5 {0-1 (40) Carron,J (2421)-Pelletier,Y (2625) Switzerland 2008}) 11... h6 12. Rfd1 Qb6 {The position is equal.} 13. b4 Nd5 {[#]} (13... a5 $11) 14. e4 $1 $16 {[%cal Re4f5]} Nxc3 15. exf5 Nxd1 16. fxe6 Nb2 17. Qb3 fxe6 18. Qxe6+ {[%mdl 64] Double Attack} Kh8 (18... Rf7 $16) 19. Qxe7 Qd8 20. Qe2 $36 {[%mdl 2048] White is on the roll.} Na4 21. Qc2 (21. Nh4 $18) 21... Rxf4 22. gxf4 Nab6 23. Re1 Qf6 24. f5 Nf8 25. Qc5 Nd5 (25... Nfd7 $16 {was necessary.} 26. Qc2 Rf8) 26. Ne5 $18 Nf4 27. Be4 Nh7 (27... Qh4 {was called for.}) 28. Qc3 Ng5 29. Bc2 Rd8 30. Kf1 Nd5 31. Qg3 Ne7 $2 (31... Kg8 {was worth a try.} 32. b5 Nf7) 32. Ng4 Qf7 {[#]} 33. Nxh6 $1 {[%mdl 512]} gxh6 34. Qe5+ Kg8 35. Qxe7 Rxd4 $2 {[#]} (35... Qxe7 $18 36. Rxe7 b5) 36. Bb3 $1 {[%mdl 576] Deflection, Back Rank. White mates.} Qxb3 37. Qe8+ Kg7 38. Qg6+ {Accuracy: White = 65%, Black = 23%.} 1-0

[Event "IMSA Rapid Men 2019"]
[Site "Hengshui"]
[Date "2019.05.14"]
[Round "2.7"]
[White "Rapport, Richard"]
[Black "Ponomariov, Ruslan"]
[Result "1/2-1/2"]
[WhiteElo "2736"]
[BlackElo "2675"]
[Annotator "TA"]
[PlyCount "118"]
[EventDate "2019.05.14"]
[EventType "rapid"]
[EventCountry "CHN"]
[SourceTitle "playchess.com"]
[Source "ChessBase"]
[SourceQuality "1"]

{[%evp 9,118,30,42,25,35,33,35,25,47,39,48,27,42,43,35,23,48,15,15,23,36,34,37,34,50,24,26,0,0,0,7,0,5,7,48,50,62,57,55,56,53,59,49,27,39,32,51,-123,-46,-44,-44,-39,36,33,28,11,0,0,0,0,3,0,0,0,6,0,0,0,0,0,155,159,154,144,153,150,137,0,0,0,0,-4,0,0,0,0,0,-20,13,8,9,8,41,0,8,8,8,8,8,0,0,0,0,0,0,0,0,0,0,0,0]} 1. e4 c6 2. d4 d5 3. e5 c5 4. Nf3 Nc6 5. dxc5 e6 6. a3 {B12: Caro-Kann: Advance Variation} Bxc5 7. b4 Bb6 8. Bd3 {White is slightly better.} (8. b5 Nb8 9. Bb2 a6 10. a4 Nh6 11. Be2 axb5 12. axb5 Rxa1 13. Bxa1 {1-0 (40) Grischuk,A (2771)-Navara,D (2739) Shamkir 2019}) 8... f6 9. Bb2 fxe5 10. Nxe5 Nf6 11. O-O O-O 12. Nd2 a5 $146 ({Predecessor:} 12... Bd7) 13. b5 Nxe5 14. Bxe5 Bd7 15. a4 Be8 16. c4 Rc8 17. h3 Qe7 18. Qc2 Kh8 19. Rae1 Bh5 20. Kh1 Bc5 21. Qb2 b6 22. cxd5 Nxd5 23. Ne4 Bb4 24. Rc1 Ba3 25. Bxg7+ $1 Qxg7 26. Qxa3 Nf4 $1 {[%csl Gf4][%cal Rg7g2]} ({Much worse is} 26... Rxc1 $6 27. Rxc1 Bg6 28. Ng5 $16) 27. Ng3 Bf3 $1 {[%cal Rf3g2]} 28. Kh2 $2 {[#]} (28. gxf3 $14 Qh6 29. Qb2+ Kg8 30. Nh5 Rxc1 31. Rxc1 Nxh5 32. Rg1+ Ng7 33. Kg2 (33. Rg3 Qf6 $16)) 28... Bxg2 (28... Rcd8 $1 $17 {[%cal Rd8d3]} 29. Bb1 Bxg2) 29. Rxc8 $1 $15 Rxc8 30. Rc1 $1 {[%cal Rc1c8]} Rf8 {[#]} (30... Rd8 $15 31. Rc4 Nxd3 32. Kxg2 Qf6) 31. Rc7 $1 $14 {[%mdl 512]} Qf6 (31... Qxc7 32. Qxf8#) 32. Be4 Bxe4 33. Nxe4 Qf5 $1 34. Qc3+ e5 $132 {[%mdl 2048] Black puts up resistance} 35. Nd6 Qf6 36. Ne4 Qf5 $1 37. Nd6 Qf6 38. Ne4 Qf5 $1 39. Qf3 {With the idea Rc6.} Ng6 $2 ({Black should play} 39... Nd5 $1 $11 40. Qxf5 Rxf5 41. Rc8+ Kg7) 40. Qxf5 $16 Rxf5 {[%mdl 4096] Endgame KRN-KRN} 41. Kg3 Rf4 42. f3 Nh4 43. Ng5 ({White should try} 43. Rc6 $16) 43... Nf5+ $11 44. Kf2 Rxa4 45. Rxh7+ Kg8 {Hoping for ...Ra2+.} 46. Rb7 Ra2+ 47. Ke1 Nd4 48. Rxb6 Rb2 {...a4 is the strong threat.} 49. Ra6 Rxb5 50. h4 Rc5 51. h5 {Threatens to win with Rg6+.} e4 {The position is equal.} 52. Nxe4 Nxf3+ 53. Kf2 Rf5 54. Rg6+ Kh8 55. Rh6+ Kg7 56. Rg6+ Kh8 57. Rh6+ Kg7 58. Rg6+ Kh8 {And now ...Ne5+ would win.} 59. Rh6+ Kg7 {Accuracy: White = 59%, Black = 69%.} 1/2-1/2

[Event "IMSA Rapid Men 2019"]
[Site "Hengshui"]
[Date "2019.05.14"]
[Round "2.8"]
[White "Mamedov, Rauf"]
[Black "Jones, Gawain C B"]
[Result "1/2-1/2"]
[WhiteElo "2650"]
[BlackElo "2702"]
[Annotator "RC"]
[PlyCount "114"]
[EventDate "2019.05.14"]
[EventType "rapid"]
[EventCountry "CHN"]
[SourceTitle "playchess.com"]
[Source "ChessBase"]
[SourceQuality "1"]
[TimeControl "900+10"]

1. e4 {[%emt 0:00:00]} c5 {[%emt 0:00:00]} 2. Nf3 {[%emt 0:00:00]} d6 {[%emt 0:00:00]} 3. Nc3 {[%emt 0:00:00]} Nf6 {[%emt 0:00:00]} 4. e5 {[%emt 0:00:00]} dxe5 {[%emt 0:00:01]} 5. Nxe5 {[%emt 0:00:00]} a6 {[%emt 0:00:19]} 6. g3 {[%emt 0:00:10]} Nbd7 {[%emt 0:00:38]} 7. Nc4 {[%emt 0:00:32]} b5 {[%emt 0:00:16]} 8. Bg2 {[%emt 0:00:02]} Rb8 {[%emt 0:00:02]} 9. Ne3 {[%emt 0:00:03]} e6 {[%emt 0:00:11]} 10. O-O {[%emt 0:00:07]} Bd6 {[%emt 0:00:58]} 11. a4 {[%emt 0:00:02]} O-O {[%emt 0:00:26]} 12. axb5 {[%emt 0:00:09]} axb5 {[%emt 0:00:01]} 13. b3 {[%emt 0:01:58]} Be5 {[%emt 0:00:44]} 14. Bb2 {[%emt 0:00:03]} Bd4 {[%emt 0:00:17]} 15. Qe2 {[%emt 0:04:44]} Qb6 {[%emt 0:00:29]} 16. Ra2 {[%emt 0:00:25]} Bb7 {[%emt 0:00:50]} 17. Rfa1 {[%emt 0:00:02]} Bxg2 {[%emt 0:01:46]} 18. Nxg2 {[%emt 0:00:03]} Ne5 {[%emt 0:00:44]} 19. Ne4 {[%emt 0:01:21]} Bxb2 {[%emt 0:00:09]} 20. Nxf6+ {[%emt 0:00:12]} gxf6 {[%emt 0:00:02]} 21. Rxb2 {[%emt 0:00:01]} Rfd8 {[%emt 0:01:56]} 22. d3 {[%emt 0:01:09]} Qc6 {[%emt 0:00:20]} 23. Ne1 {[%emt 0:00:06]} b4 {[%emt 0:01:55]} 24. Rba2 {[%emt 0:00:08]} Qd5 {[%emt 0:00:05]} 25. Qe3 {[%emt 0:00:46]} Nc6 {[%emt 0:00:45]} 26. Nf3 {[%emt 0:00:03]} Kg7 {[%emt 0:00:05]} 27. Qf4 h5 {[%emt 0:00:57]} 28. Ra6 {[%emt 0:01:37]} Rbc8 {[%emt 0:00:04]} 29. R1a2 {[%emt 0:01:19]} Rd7 {[%emt 0:00:14]} 30. Rb6 {[%emt 0:00:28]} Rcc7 {[%emt 0:01:06]} 31. Raa6 {[%emt 0:01:26]} Nd4 {[%emt 0:00:11]} 32. Nxd4 {[%emt 0:00:05]} cxd4 {[%emt 0:00:02]} 33. Rb8 {[%emt 0:00:05]} Ra7 {[%emt 0:00:55]} 34. Rxa7 {[%emt 0:00:25]} Rxa7 {[%emt 0:00:02]} 35. Qe4 {[%emt 0:00:01]} Qc5 {[%emt 0:01:15]} 36. Kg2 {[%emt 0:01:23]} Ra2 {[%emt 0:00:23]} 37. Rd8 {[%emt 0:00:02]} e5 {[%emt 0:01:03]} 38. Qf3 {[%emt 0:00:31]} Qc7 {[%emt 0:00:51]} 39. Rd5 {[%emt 0:00:11]} Qc6 {[%emt 0:00:20]} 40. g4 {[%emt 0:00:04]} hxg4 {[%emt 0:00:24]} 41. Qxg4+ {[%emt 0:00:02]} Kf8 {[%emt 0:00:01]} 42. Qf3 {[%emt 0:00:30]} Rxc2 {[%emt 0:00:02]} 43. h4 {[%emt 0:00:01]} Ke7 {[%emt 0:00:10]} 44. h5 {[%emt 0:00:01]} Ke6 {[%emt 0:00:26]} 45. Rd8 {[%emt 0:00:01]} Qxf3+ {[%emt 0:00:04]} 46. Kxf3 {[%emt 0:00:01]} Kf5 {[%emt 0:00:02]} 47. Rg8 {[%emt 0:00:06]} Rc3 {[%emt 0:00:41]} 48. Kg2 {[%emt 0:00:20]} e4 {[%emt 0:00:01]} 49. h6 {[%emt 0:01:22]} exd3 {[%emt 0:00:07]} 50. h7 {[%emt 0:00:01]} d2 {[%emt 0:00:01]} 51. h8=Q {[%emt 0:00:01]} d1=Q {[%emt 0:00:03]} 52. Qh7+ {[%emt 0:00:02]} Kf4 {[%emt 0:00:26]} 53. Qh4+ {[%emt 0:00:53]} Kf5 {[%emt 0:00:01]} 54. Qh7+ {[%emt 0:00:22]} Kf4 {[%emt 0:00:07]} 55. Qh4+ {[%emt 0:00:04]} Kf5 {[%emt 0:00:11]} 56. Qh7+ {[%emt 0:00:04]} Kf4 {[%emt 0:00:40]} 57. Qh4+ {[%emt 0:00:17]} Kf5 1/2-1/2